000
00232nam a22000857a 4500
008
160804b xxu||||| |||| 00| 0 eng d
100
_9
13
_a
Siddiqui S.A
245
_a
Comprehensive Accountancy
260
_a
New Delhi
_b
Laxmi Publication
_c
2009
999
_c
2663
_d
2663